000 00816nam a22002775i 4500
001 18806
003 ES-MaACL
005 20230906151928.0
007 t|
008 020315s1993 sp ||||0| spa j
020 _a84-406-3648-2
040 _aM-BN
_bspa
_cM-BN
080 _a32(460)(093.3)
100 1 _aFeo, Julio.
_949266
245 1 0 _aAquellos años /
_cJulio Feo ; prólogo de Sabino Fernández Campo.
250 _a1ª ed.
260 _aBarcelona :
_bEdiciones B,
_c1993.
300 _a549 p., [64] p. de lám. ;
_c24 cm.
490 1 _aSerie Reporter
500 _aIndice.
651 4 _aEspaña-
_xPolítica y gobierno-
_y1975-1982.
_98447
700 1 _aFernández Cano, Víctor.
_949544
830 0 _aSerie Reporter
_9228831
852 _aES-MaACL
_jG-6197
_bR.130957
999 _c18806
_d18806